| 000 | 00535nam a2200181 4500 | ||
|---|---|---|---|
| 001 | 132704 | ||
| 003 | ES-MaACL | ||
| 005 | 20251011063136.0 | ||
| 007 | t| | ||
| 008 | 070214s1970 mx r ||||1| spa d | ||
| 100 | 0 |
_aRos, Antonio, _c(Médico) _999566 |
|
| 245 | 1 | 0 |
_aBeethoven en Santa Prisca / _cAntonio Ros ; dibujos de Rivero Gil. |
| 260 |
_aMéxico : _bCosta-Amic, _c1970. |
||
| 300 |
_a286 p. : _bil. ; _c20 cm. |
||
| 700 | 1 |
_aRivero Gil. _997699 |
|
| 852 |
_aES-MaACL _jC-40078 _bR.76061 |
||
| 999 |
_c132704 _d132704 |
||